Computer systems performance modeling

Gespeichert in:
Bibliographische Detailangaben
1. Verfasser: Sauer, Charles H.
Weitere Verfasser: Chandy, K. Mani
Format: Buch
Sprache:Englisch
Veröffentlicht: Englewood Cliffs Prentice-Hall 1981
Tags: Tag hinzufügen
Keine Tags, Fügen Sie das erste Tag hinzu!

MARC

LEADER 00000nam a2200000 4500
001 c127088
005 20041019155239.7
041 0 |a eng 
044 |a US 
245 1 0 |a Computer systems performance modeling  |c Charles H. Sauer, K. Mani Chandy 
264 1 |a Englewood Cliffs  |b Prentice-Hall  |c 1981 
300 |a 352 s. 
100 1 |a Sauer, Charles H. 
700 1 |a Chandy, K. Mani